What Year Did the Video Game Come Out - Statistics

General Stats
  • This quiz has been taken 70 times
  • The average score is 16 of 20
Answer Stats
Hint Answer % Correct
Minecraft 2009
89%
Red Dead Redemption 2 2018
89%
Grand Theft Auto: San Andreas 2006
87%
Super Mario Bros 1985
86%
Far Cry 3 2012
86%
Uncharted 4: A Thief's End 2016
86%
Sonic the Hedgehog 1991
83%
Mortal Kombat 1992
83%
Call of Duty: Modern Warfare 2007
81%
God of War Ragnarök 2022
81%
Resident Evil 4 2005
79%
The Elder Scrolls V: Skyrim 2011
79%
Fallout 4 2015
79%
Pong 1972
78%
Street Fighter 1987
78%
Ghost of Tsushima 2020
78%
Half-Life 2 2004
76%
Halo: Combat Evolved 2001
75%
Final Fantasy VII 1997
71%
Mass Effect 2 2010
70%
No matching quizzes found
Score Distribution
Percent of People with Each Score
Percentile by Number Answered
Your Score History
You have not taken this quiz